Plan de conservación de la Garza Agami (Agamia agami) (Registro nro. 19672)

Detalles MARC
000 -CABECERA
Campo de control 00545nam a22001697a 4500
005 - FECHA Y HORA DE LA ULTIMA TRANSACCION
Campo de control 20180315110558.0
008 - ELEMENTOS DE LONGITUD FIJA—INFORMACION GENERAL
Campo de control 170616b2015 gy ||||| |||| 00| 0 spa d
040 ## - FUENTE DE CATALOGACIÓN
Agencia catalogadora original CO-BoIAVH
Agencia transcriptora CO-BoIAVH
041 ## - IDIOMA
Código de idioma para texto/pista de sonido o título separado Español
090 ## - CLASIFICACIÓN LOCAL
Colección FG-
Consecutivo 0241
100 1# - ASIENTO PRINCIPAL--NOMBRE PERSONAL
Nombre personal Stier, Anna
Término relacionado autora
9 (RLIN) 90509
245 10 - MENCION DE TITULO
Título Plan de conservación de la Garza Agami (Agamia agami)
260 ## - PUBLICACION, DISTRIBUCION, ETC. (PIE DE IMPRENTA)
Lugar de publicación, distribución, etc. Cayenne, Guyana Francesa:
Nombre del editor, distribuidor, etc. Asociación GEPOG,
Fecha de publicación, distribución, etc. 2015.
300 ## - DESCRIPCION FISICA
Extensión 27 páginas,
Otros detalles físicos ilustraciones a color,
Dimensiones 30 x 21 cm
700 1# - ASIENTO SECUNDARIO - NOMBRE PERSONAL
Nombre personal Kushlan, James A.
Término de relación autor
9 (RLIN) 90510
942 ## - ELEMENTOS ADICIONALES (KOHA)
Sistema de clasificación Local
Tipo de ítem Folleto
Existencias
Withdrawn status Lost status Sistema de Clasificación Damaged status No para préstamo Colección Ubicación Permanente Ubicación actual Fecha de adquisición Total Checkouts Número topográfico Inventario / Código de Barras Date last seen Ejemplar Price effective from Forma de adquisición Tipo de material
    Local     Hemeroteca Bogotá Bogotá 16/06/2017   FG-0241 041461 16/06/2017 Ej. 1 16/06/2017 Donación Folleto